000 00568nam a2200169 4500
001 8110
005 20181127185118.0
020 0 0 _a9789993693635
090 0 0 _a342.07
110 _aBhutan National Legal Institute.
_b
_c
_d
_e
_n
_p
245 0 0 _aJudiciary of kingdom of Bhutan selwi melong :
_bprofile of the judges /
_cBhutan National Legal Institute.
_h
260 0 0 _aThimphu Bhutan ;
_bBhutan National Legal Institute ,
_c2018.
300 0 0 _a126 pages, 23 cm.
650 0 0 _aElection law --Bhutan.
_x
650 0 0 _aJudiciary -- Bhutan.
_x
999 _c6984
_d6984